Statistiques concernant Clubs Football Français - L1 à National 2013/2014

Cliquez ici pour prendre le quiz!

Statistiques générales

  • Ce quiz a été pris 3 781 fois
  • Le résultat moyen est 37 sur 58

Statistiques - réponses

HintRéponse% Correct
Paris FC
100%
Paris SG
100%
Olympique de Marseille
98%
Olympique Lyonnais
97%
Lille OSC
95%
FC Girondins de Bordeaux
93%
FC Nantes
93%
AS Monaco
92%
Stade Rennais
92%
Toulouse FC
92%
AS Saint-Étienne
91%
OGC Nice
91%
RC Lens
90%
RC Strasbourg
87%
Montpellier-Hérault SC
86%
AC Ajaccio
85%
GFC Ajaccio
85%
CA Bastia
84%
SC Bastia
84%
Stade Brestois
84%
FC Metz
83%
FC Lorient
80%
Stade de Reims
79%
AJ Auxerre
76%
Angers SCO
76%
AS Nancy-Lorraine
76%
SM Caen
75%
EA Guingamp
74%
FC Sochaux-Montbéliard
72%
Clermont Foot
71%
Dijon FCO
71%
Le Havre AC
70%
Valenciennes FC
69%
Amiens SC
68%
Évian TG FC
68%
Nîmes Olympique
68%
ES Troyes
66%
Red Star FC
60%
Tours FC
57%
US Orléans LF
56%
Stade Lavallois
50%
Chamois Niortais FC
48%
LB Châteauroux
46%
USL Dunkerque
44%
US Boulogne CO
41%
US Créteil-Lusitanos
37%
FC Istres
35%
AC Arles-Avignon
34%
Vannes OC
33%
SR Colmar
23%
Luzenac AP
20%
FC Bourg-Péronnas
12%
USJA Carquefou
12%
Le Poiré-sur-Vie VF
9%
Luçon VF
9%
ÉFC Fréjus Saint-Raphaël
8%
US Colomiers
8%
ES Uzès-Pont-du-Gard
5%

Distribution des résultats

Percentile par nombre de réponses

% des personnes avec chaque résultat

Votre développement - résultats

Vous n’avez pas pris ce quiz